Les Grands Joueurs surnommés - Statistiques

Statistiques générales
  • Ce quiz a été pris 32 fois
  • Le résultat moyen est 40 sur 121
Statistiques - réponses
Surnom Joueur % Correct
Le Pharaon Mohamed Salah
93%
Le Cyborg Erling Braut-Haaland
89%
CR7 Cristiano Ronaldo
85%
La Pulga (La Puce) Lionel Messi
85%
R9 Ronaldo
85%
Zizou Zinédine Zidane
85%
KB9 Karim Benzema
81%
R10, Le Magicien Ronaldinho
78%
Grizou Antoine Griezmann
74%
DD Didier Deschamps
74%
El Matador Edinson Cavani
74%
Platoche Michel Platini
74%
The Welsh Dragon (Le Dragon Gallois) Gareth Bale
70%
La Pioche Paul Pogba
70%
Le Roi Pelé
70%
Zlatan Zlatan Ibrahimović
70%
Sir Alex Alex Ferguson
67%
Becks David Beckham
67%
King Eric Eric Cantona
67%
Sir Bobby Bobby Charlton
63%
Il Re di Roma Francesco Totti
63%
Le Kaiser Franz Beckenbauer
63%
San Iker Iker Casillas
63%
El Pistolero (Le Tireur) Luis Suárez
63%
El Pibe de Oro (Le Gamin d'Or) Diego Armando Maradona
59%
Scarface (Fisage Scarifié) Franck Ribéry
59%
La Noisette Kylian Mbappé
59%
El Fideo (La Nouille) Ángel Di María
56%
El Flaco (Le Maigre) Johan Cruyff
56%
Pep Génésio Bruno Génésio
52%
The Special One José Mourinho
52%
Stevie G Steven Gerrard
52%
El Cerebro Andrés Iniesta
48%
La Panthère Bafetimbi Gomis
48%
Piquenbauer Gerard Piqué
48%
Der Bomber (Le Bombardier) Gerd Müller
48%
Le Gardien-Libéro Manuel Neuer
48%
Le Cygne d'Utrecht Marco van Basten
48%
Le Poumon N'Golo Kanté
48%
Le Lion Indomptable Samuel Eto'o
48%
Le Raumdeuter Thomas Müller
48%
Le Cholo Diego Simeone
44%
El Niño (L'Enfant) Fernando Torres
44%
Le Beatle George Best
44%
Superman Gianluigi Buffon
41%
Le Président Laurent Blanc
41%
Lucho Luis Enrique
41%
El Arquitecto Xavi
41%
Le King de Stanford Bridge Didier Drogba
37%
O Menino da Vila (Le Garçon du Village) Neymar
37%
El Tiburón (Le Requin) Carles Puyol
33%
Carletto Carlo Ancelotti
33%
El Capitán Sergio Ramos
33%
Le Mari de la Vieille Dame Alessandro Del Piero
30%
Batigol Gabriel Batistuta
30%
Il Divino (Le Divin) Kaká
30%
El Maestro Luka Modrić
30%
Le Petit Vélo Mathieu Valbuena
30%
Poch Mauricio Pochettino
30%
Il Divino Codino Roberto Baggio
30%
Schweini Bastian Schweinsteiger
26%
El Apache (L'Apache) Carlos Tévez
26%
King George George Weah
26%
El Último Diez (Le Dernier 10) Juan Román Riquelme
26%
Il Capitano (Le Capitaine) Paolo Maldini
26%
Le Philosophe Pep Guardiola
26%
Wazza Wayne Rooney
26%
Il Muro (Le Mur) Alessandro Nesta
22%
Le Général (Joueur) Alexandre Lacazette
22%
Le Chef d'orchestre Kevin de Bruyne
22%
El Ángel de Madrid Raul
22%
Il Maestro Andrea Pirlo
19%
The Non-Flying Dutchman (Le Hollandais non-Volant) Dennis Bergkamp
19%
La Panthère Noire Eusébio
19%
L'Ange aux Jambes Tordues Garrincha
19%
Gasp Gianpiero Gasperini
19%
Der Torminator Lothar Matthäus
19%
Mr. Europa League Unai Emery
19%
L'Imperatore (L'Empereur) Adriano
15%
Le Duc Adrien Rabiot
15%
El Mágico Jorge Alberto González
15%
Der Zauberer Mesut Özil
15%
Don Fabio (Sir Fabio) Fabio Capello
11%
So Good They Named Him Twice (Si fort qu'on l'a appelé deux fois) Jay-Jay Okocha
11%
Captain John Terry
11%
El Loco (Le Fou) Marcelo Bielsa
11%
Gazza Paul Gascoigne
11%
Bobby Roberto Firmino
11%
Le Fantôme Sergio Busquets
11%
Le Professeur Arsène Wenger
7%
Le Méthodique Erik ten Hag
7%
Le Joyau João Neves
7%
The Normal One Jürgen Klopp
7%
O Baixinho (Le Petit) Romário
7%
El Fenomeno Steve Mandanda
7%
Le Professeur Allemand Thomas Tuchel
7%
Le Métronome Xabi Alonso
7%
La Saeta Rubia (La Flèche Rouge) Alfredo Di Stéfano
4%
Il Condottiero (Le Chef) Antonio Conte
4%
Le Révolutionnaire Arrigo Sacchi
4%
The Tinkerman (Le Bricoleur) Claudio Ranieri
4%
Iron Tulip (La Tulipe de Fer) Luis van Gaal
4%
Le Cochon Truffier Hristo Stoichkov
4%
The Dutch Destroyer (Le Destructeur Néerlandais) Jaap Stam
4%
Acciughina (L'Anchoie) Massimiliano Allegri
4%
Sat-Nav Paul Scholes
4%
L'Idéologue Roberto De Zerbi
4%
Le Sphinx Aimé Jacquet
0%
Le Meneur Christophe Galtier
0%
Le Scientifique Claude Puel
0%
Le Major Galopant Ferenc Puskás
0%
Il Trap Giovanni Trapattoni
0%
El Tractor (Le Tracteur) Javier Zanetti
0%
Il Toscano (Le Toscan) Luciano Spalletti
0%
Il Mister (Le Mister) Marcello Lippi
0%
Prinsen (Le Prince) Michael Laudrup
0%
The Wall (Le Mur) Nemanja Vidić
0%
El Profesor (Le Professeur) Rafael Benítez
0%
Le Druide Raymond Domenech
0%
Le Général (Entraîneur) Rinus Michels
0%
El Bigotón (La Moustache) Vicente Del Bosque
0%
Aucun quiz correspondant
Distribution des résultats
% des personnes avec chaque résultat
Percentile par nombre de réponses
Votre historique - résultats
Vous n’avez pas pris ce quiz